000 00448nam a2200145 i 4500
001 bg
245 0 _aTechnologia skrawania.
260 _aWrocław,
_c1975.
490 1 _aPrace Naukowe Instytutu Technologii Budowy Maszyn Politechnik Wrocławskiej ;
_vnr 8
830 _aPrace Naukowe Instytutu Technologii Budowy Maszyn Politechnik Wrocławskiej ;
040 _cBPK
041 _apol
942 _cKS
008 s pl f |000 0 pol
999 _c15853
_d15853
856 _uhttp://koha.tu.koszalin.pl/cgi-bin/koha/opac-detail.pl?biblionumber=15853
_yKatalog online BPK